| 000 | 00499nam a2200169 i 4500 | ||
|---|---|---|---|
| 001 | 43425 | ||
| 003 | ES-MaACL | ||
| 005 | 20230906160805.0 | ||
| 007 | t| | ||
| 008 | 030317s1948 sp ||||1| spa d | ||
| 100 | 1 |
_aCatena, Elena. _937056 |
|
| 245 | 1 | 0 |
_aOssian en EspaƱa / _cElena Catena. |
| 260 |
_aMadrid : _b[s.n.], _c1948. |
||
| 300 |
_a39 p. ; _c24 cm. |
||
| 500 | _a[Separata de:] Cuadernos de Literatura, Fasc. 10-11-12. julio-diciembre 1948, p. 57 a 96. | ||
| 852 |
_aES-MaACL _j1899-F-17 |
||
| 999 |
_c43425 _d43425 |
||